Operator theory and its applications : in memory of V.B. Lidskii (1924-2008) (Record no. 52696)

MARC details
000 -LEADER
fixed length control field 00762nam a2200181 a 4500
008 - FIXED-LENGTH DATA ELEMENTS--GENERAL INFORMATION
fixed length control field 210401s2010 xx |||||||||||||| || u
020 ## - INTERNATIONAL STANDARD BOOK NUMBER
International Standard Book Number 9780821852729
050 ## - LIBRARY OF CONGRESS CALL NUMBER
Classification number QA 3 Ame
100 ## - MAIN ENTRY--PERSONAL NAME
Personal name Vassiliev, Dmitri
245 10 - TITLE STATEMENT
Title Operator theory and its applications : in memory of V.B. Lidskii (1924-2008)
Statement of responsibility, etc. Edited by Michael Levitin; Dmitri Vassiliev
260 ## - PUBLICATION, DISTRIBUTION, ETC.
Place of publication, distribution, etc.
Name of publisher, distributor, etc. American Mathematical Society
Date of publication, distribution, etc. 2010
300 ## - PHYSICAL DESCRIPTION
Extent vii, 180 pages P: illustrations
490 ## - SERIES STATEMENT
Series statement Advances in mathematical sciences
650 ## - SUBJECT ADDED ENTRY--TOPICAL TERM
Topical term or geographic name entry element OPERATOR THEORY
700 ## - ADDED ENTRY--PERSONAL NAME
Personal name Levitin, Michael
710 ## - ADDED ENTRY--CORPORATE NAME
Corporate name or jurisdiction name as entry element American Mathematical Society
995 ## - RECOMMENDATION 995 [LOCAL, UNIMARC FRANCE]
-- 62.90
-- CBU-MAIN LIBRARY (Kitwe)
-- 1
-- AVAILABLE
-- Apr 7, 2021
-- Main Library Open Access Collection
Holdings
Withdrawn status Lost status Source of classification or shelving scheme Damaged status Not for loan Home library Current library Shelving location Date acquired Total Checkouts Full call number Barcode Date last seen Price effective from Koha item type
          CBU-MAIN LIBRARY, KITWE. CBU-MAIN LIBRARY, KITWE.   11/30/2022   QA 3 Ame 750909 11/30/2022 11/30/2022 MONOGRAPH